00262nam a2200097Ia 4500008004100000041000800041100002200049245005300071260002100124999001900145241105s9999 xx 000 0 und d aeng aKulkarni Priyanka aDesigning Of Sub Market Yard Uruli Devachi Pune. bBNCA, Punec2019 c361834d361834